00878cam a2200217 a 450000100100000000500170001000800410002704000250006808200170009310000430011024500960015326000450024930000250029449000320031965000400035165000430039170000500043483000410048495201200052599900150064500000564220200929151729.0791018s1949 sp b 001 0 spa  aDO-SdBNPbspacBNPHU a863.3bT585p1 aTimoneda, Juan de,d1520?-1583.91594713aEl patrañuelo /cJuan Timoneda ; edición, prólogo y notas de Federico Ruiz Morcuende. aMadrid, España :bEspasa-Calpe,c1949. alx, 220 p. ;c19 cm.1 aClásicos castellanosv101 4aNovela españolaySIGLO XVI915948 4aLiteratura españolaySIGLO XVI986881 aRuiz Morcuente, Federico,d1946-,eed.915949 0aClásicos castellanos ;n101915950 001054708MOaGRbGRcHDd2009-08-20iLF1l0o863.3 T585pp5642-10r2020-06-25w2020-06-25y4ZPréstamo en sala c5441d5441